| 000 | 00494nam a22001577a 4500 | ||
|---|---|---|---|
| 003 | macl | ||
| 005 | 20240104132745.0 | ||
| 008 | 240104b |||||||| |||| 00| 0 eng d | ||
| 040 | _cmacl | ||
| 082 | _a891.433/MIS/N | ||
| 100 |
_aकेविन मिसल _982186 |
||
| 245 | _aधर्मयोद्धा कल्कि -1 | ||
| 260 |
_aदिल्ली _bप्रकाश बुक्स इंडिया _c2017 |
||
| 650 | _aउपन्यास | ||
| 942 |
_2ddc _cHIN |
||
| 999 |
_c66572 _d66572 |
||